00608nam a22001817a 450000500170000000800410001704000070005804100120006508200210007710000250009824500560012326000580017930000240023770000270026194200120028899900190030095201070031920221215160517.0221215b ||||| |||| 00| 0 eng d cAL aEnglish 223a305.4 bNAZP aMian M Nazeer966228 aParticipation of Women in rural Economic Activities aIslamabadbCabinet secretariat Government of Pakistan a4 p.bPBc21x13 cm. aNAZEER (Mian M)966229 2ddccGF c225816d225816 00102ddc40708SOCaALbALd2013-03-23l0o305.4 NAZPpGF01238r2022-12-15 00:00:00w2022-12-15yGF